Central Library and Information Centre
Sibsagar Girls' College, Sivasagar : Assam

FOOD SCIENCE (Record no. 10700)

MARC details
000 -LEADER
fixed length control field 00406cam a2200169ua 4500
008 - FIXED-LENGTH DATA ELEMENTS--GENERAL INFORMATION
fixed length control field 141115n1997 II |||gr||||Z||||||eng
040 ## - CATALOGING SOURCE
Original cataloging agency MAIN
041 ## - LANGUAGE CODE
-- English
082 ## - DEWEY DECIMAL CLASSIFICATION NUMBER
Classification number 640 MUD
100 ## - MAIN ENTRY--PERSONAL NAME
Personal name MUDAMBI, SUMATI R.
245 ## - TITLE STATEMENT
Title FOOD SCIENCE
260 ## - PUBLICATION, DISTRIBUTION, ETC.
Place of publication, distribution, etc. NEW DELHI
Name of publisher, distributor, etc. NEW AGE INTERNATIONAL LTD.
Date of publication, distribution, etc. 1997
300 ## - PHYSICAL DESCRIPTION
Extent 221.:
Dimensions 21CM.
942 ## - ADDED ENTRY ELEMENTS (KOHA)
Koha item type Books
653 ## - INDEX TERM--UNCONTROLLED
Uncontrolled term Home & family management
Holdings
Withdrawn status Lost status Damaged status Not for loan Collection code Home library Current library Shelving location Date acquired Full call number Barcode Date last seen Copy number Price effective from Koha item type Public note
        TBHMSC Central Library and Information Centre Sibsagar Girls College Central Library and Information Centre Sibsagar Girls College HOMESCIENCE BOOK RACK 24.04.2002 640 MUD 17289 27.02.2020 1 27.02.2020 Books V


Sibsagar Girl's College © 2020. All rights reserved.
Powered by Koha.
Maintained by Abhijit Borpuzari.